Tourism management / (Record no. 4440)

MARC details
000 -LEADER
fixed length control field 00592 a2200181 4500
010 ## - LCCN (DPL NO)
LC control number ENG-86346
020 ## - INTERNATIONAL STANDARD BOOK NUMBER
International Standard Book Number 8131300471
Terms of availability 595.00
035 ## - SYSTEM CONTROL NUMBER
System control number EN-69879
037 ## - SOURCE OF ACQUISITION
Source of stock number/acquisition DBAD / PUB
082 14 - DEWEY DECIMAL CLASSIFICATION NUMBER
Classification number 338.4791068
100 1# - MAIN ENTRY--PERSONAL NAME
Personal name Bajwa, Jagir Singh
245 1# - TITLE STATEMENT
Title Tourism management /
Statement of responsibility, etc by Jagir Singh Bajwa [and] Ravinder Kaur
260 ## - PUBLICATION, DISTRIBUTION, ETC. (IMPRINT)
Place of publication, distribution, etc New Delhi
Name of publisher, distributor, etc A P H Publishing
Date of publication, distribution, etc 2007
270 ## - ADDRESS
Address 5, Ansari Road, Darya Ganj
City New Delhi
Postal code 110 002
Telephone number 011-23274050
Electronic mail address aphbooks@vsnl.net
300 ## - PHYSICAL DESCRIPTION
Extent vi, 297 p.
Dimensions 22cm. (Hb.)
700 1# - ADDED ENTRY--PERSONAL NAME
Personal name Ravinder Kaur
942 ## - ADDED ENTRY ELEMENTS (KOHA)
Institution code [OBSOLETE] dpl
Item type English Books
Source of classification or shelving scheme Dewey Decimal Classification
Classification part 338.4791068
Call number suffix BAJ
Holdings
Withdrawn status Lost status Not for loan Collection code Home library Current library Source of acquisition Cost, normal purchase price Full call number Barcode Copy number Cost, replacement price Koha item type
    Not For Loan Non-fiction D.B.Act.Division D.B.Act.Division DBAD/PUB 595.00 338.4791068 BAJ EN-69879 1 595.00 English Books

© Delhi Public Library
Hit Counter
free hit counter